Medical wireless sensor network for remote patient monitoring / (Record no. 188995)

000 -LEADER
fixed length control field 01002 a2200193 4500
003 - CONTROL NUMBER IDENTIFIER
control field NUST
005 - DATE AND TIME OF LATEST TRANSACTION
control field 20251124142758.0
040 ## - CATALOGING SOURCE
Transcribing agency Nust
082 ## - DEWEY DECIMAL CLASSIFICATION NUMBER
Classification number 621.382,AZI
100 ## - MAIN ENTRY--PERSONAL NAME
Personal name Aziz, Muhammad Fozan (TCC-19)
9 (RLIN) 132032
245 ## - TITLE STATEMENT
Title Medical wireless sensor network for remote patient monitoring /
Statement of responsibility, etc. Muhammad Fozan Aziz, Abdul Moiz Ahmed Porkani, Qasim Ali and Hassaan Abdul Qayyum
260 ## - PUBLICATION, DISTRIBUTION, ETC.
Place of publication, distribution, etc. Rawalpindi
Name of publisher, distributor, etc. MCS (NUST)
Date of publication, distribution, etc. August 2011
300 ## - PHYSICAL DESCRIPTION
Extent xvi, 122 p.;
505 ## - FORMATTED CONTENTS NOTE
Formatted contents note Introduction (Page-1), Design (Page-5), Acquisition of Blood and Pulse Rate Measurements (Page-20), Acquiring ECG Measurements (Page-32), Programming in TINYOS (Page-38), Packet Formation to the Application (Page-45), Packet Formation and Communication (Page-46), Interactive user application Development (Page-53), Future Work and Conclusion (Page-64), bibliography (Page-120).
650 ## - SUBJECT ADDED ENTRY--TOPICAL TERM
Topical term or geographic name entry element UG Projects
9 (RLIN) 98716
651 ## - SUBJECT ADDED ENTRY--GEOGRAPHIC NAME
Geographic name TCC-19
9 (RLIN) 106901
700 ## - ADDED ENTRY--PERSONAL NAME
Personal name Supervised by Dr. Muhammad Faisal Khan
9 (RLIN) 132033
942 ## - ADDED ENTRY ELEMENTS (KOHA)
Koha item type Project Report
Source of classification or shelving scheme
Holdings
Withdrawn status Lost status Source of classification or shelving scheme Damaged status Not for loan Permanent Location Current Location Shelving location Date acquired Full call number Barcode Date last seen Price effective from Koha item type Public note
          Military College of Signals (MCS) Military College of Signals (MCS) Reference 12/12/2016 621.382,AZI MCSPTC-128 12/08/2016 12/12/2016 Project Report Almirah No. 94, Shelf No. 3
© 2023 Central Library, National University of Sciences and Technology. All Rights Reserved.